Об одном из приемов деления потока в методе ожидаемых путей потока; Известия Томского политехнического института [Известия ТПИ]; Т. 210 : Электроэнергетика

Détails bibliographiques
Parent link:Известия Томского политехнического института [Известия ТПИ]/ Томский политехнический институт (ТПИ).— , 1944-1976
Т. 210 : Электроэнергетика.— 1974.— [С. 18-20]
Auteur principal: Галинский П. П.
Résumé:Заглавие с титульного листа
Электронная версия печатной публикации
Предлагается способ деления потока па части в графоаналитическом методе ожидаемых путей потока, при котором минимизируется проводимость или емкость между телами в зависимости от пути потока.
Langue:russe
Publié: 1974
Sujets:
Accès en ligne:Черно-белая версия для предварительного просмотра
Цветная версия без потери качества
Format: Électronique Chapitre de livre
KOHA link:https://koha.lib.tpu.ru/cgi-bin/koha/opac-detail.pl?biblionumber=224292

MARC

LEADER 00000nla2a2200000 4500
001 224292
005 20231031200347.0
035 |a (RuTPU)RU\TPU\book\244596 
035 |a RU\TPU\book\244594 
090 |a 224292 
100 |a 20121023d1974 k y0rusy50 ca 
101 0 |a rus 
102 |a RU 
135 |a drnn ---uucaa 
181 0 |a i  
182 0 |a b 
200 1 |a Об одном из приемов деления потока в методе ожидаемых путей потока  |b Электронный ресурс  |f П. П. Галинский 
203 |a Текст  |c электронный 
215 |a 2 файла (141 Кб, 3.6 Мб) 
230 |a Электронные текстовые данные (2 файла : 141 Кб, 3.6 Мб) 
300 |a Заглавие с титульного листа 
300 |a Электронная версия печатной публикации 
320 |a [Библиогр.: с. 20 (1 назв.)] 
330 |a Предлагается способ деления потока па части в графоаналитическом методе ожидаемых путей потока, при котором минимизируется проводимость или емкость между телами в зависимости от пути потока. 
337 |a Adobe Reader 
461 1 |0 (RuTPU)RU\TPU\book\200995  |t Известия Томского политехнического института [Известия ТПИ]  |f Томский политехнический институт (ТПИ)  |d 1944-1976 
463 1 |0 (RuTPU)RU\TPU\book\244591  |t Т. 210 : Электроэнергетика  |v [С. 18-20]  |d 1974  |p 132 с. 
610 1 |a электронный ресурс 
610 1 |a труды учёных ТПУ 
700 1 |a Галинский  |b П. П. 
801 1 |a RU  |b 63413507  |c 20090320  |g PSBO 
801 2 |a RU  |b 63413507  |c 20121218  |g PSBO 
856 4 |u http://www.lib.tpu.ru/fulltext/v/Bulletin_TPU/1974/v210/04_bw.pdf  |z Черно-белая версия для предварительного просмотра 
856 4 |u http://www.lib.tpu.ru/fulltext/v/Bulletin_TPU/1974/v210/04_full.pdf  |z Цветная версия без потери качества 
942 |c CF